00237 a2200109 4500001000700000020000600007040001100013100003300024240003300057245002800090362000900118181702 a  cMagnum aSerkez, Angela Maria Batista10aAbc da palavra viva - 1lpor10aAbc da palavra viva - 10 a1899